Which Terminal? Frankfurt Airport - Statistics

General Stats
  • This quiz has been taken 29 times
  • The average score is 13 of 15
Answer Stats
Question Answer % Correct
Swiss International Airlines Terminal 1
100%
Lufthansa Terminal 1
100%
Korean Air Terminal 2
100%
United Airlines Terminal 1
92%
Brussels Airlines Terminal 1
92%
British Airways Terminal 2
92%
Icelandair Terminal 2
92%
American Airlines Terminal 2
92%
Singapore Airlines Terminal 1
85%
Air China Terminal 1
85%
Delta Air Lines Terminal 2
85%
KLM Royal Dutch Airlines Terminal 2
85%
Finnair Terminal 2
77%
LOT Polish Airlines Terminal 1
69%
ITA Airways Terminal 2
38%
No matching quizzes found
Score Distribution
Percent of People with Each Score
Percentile by Number Answered
Your Score History
You have not taken this quiz